000 00474nam a2200181Ia 4500
005 20250508152216.0
008 008 250505s9999 xx 000 0 eng d
037 _aTextual
040 _aFEDL
_beng
_cFEDL
041 _aeng
_2eng
084 _a824.91, HOU
_qFEDL
100 _aHouse Humphry
245 0 _aAll in due time
260 _aLondon, UK
_bRupert Hart-Davis
_c1955
300 _a306p.
942 _cTEXL
_h824.91, HOU
999 _c1334973
_d1334973